| 000 | 00939cam a2200313 4500 | ||
|---|---|---|---|
| 008 | 000000n2000 000 0 eng u | ||
| 020 | _a0860175227 | ||
| 035 | _a(Sirsi) u108447 | ||
| 041 | _aeng | ||
| 050 | _a627.4 | ||
| 110 |
_aConstruction Industry Research and Information Association _94810 |
||
| 245 | _aSustainable urban drainage systems: design manual for England and Wales | ||
| 260 |
_aLondon _bCIRIA _c2000 |
||
| 300 | _ax,112p. : ill. ; 30cm. | ||
| 350 | _a90.00 | ||
| 490 |
_aCIRIA _vC522 |
||
| 520 | _aManual addressing the technical issues surrounding urban drainage systems being developed in England and Wales | ||
| 650 | _aDRAINAGE SYSTEMS | ||
| 650 | _aWATER | ||
| 650 | _aDRAINAGE | ||
| 650 | _aSUSTAINABLE URBAN DRAINAGE SYSTEMS | ||
| 650 | _aSURFACE WATER | ||
| 650 | _aDRAINS | ||
| 650 | _aPONDS | ||
| 650 | _aPAVEMENTS | ||
| 650 | _aBASINS | ||
| 690 | _aBUILT ENVIRONMENT | ||
| 942 | _n0 | ||
| 999 |
_c100792 _d100792 |
||